1517 1177 1076 1616 1877 1053 1790 1694 1856 1635 1083 1344 1593 1631 1490 1857 1622 1895 1651 1019 1704 1854 1590 1913 1238 1445 1177 1276 1389 1545 1066 1886 1436 1386 1290 1614 1479 1488 1015 1514 1948 1575 1749 1896 1757 1017 1843 1511 1683 1365 1303 1968 1447 1850 1857 1716 1323 1930 1140 1209 1266 1721 1129 1387 1129 1786 1731 1214 1209 1640 1428 1870 1646 1823 1625 1685 1258 1000 1638 1200 1139 1200 1740 1048 1478 1014 1044 1657 1683 1477 1510 1198 1567 1156 1586 1972 1344 1597 1586 BCNSPRNW ULIB Ver.6.0+V

เปลี่ยนเป็นภาษาไทย

Change to English
 แสดงรายละเอียดบรรณานุกรม
  กลับหน้าหลัก

Brief Record : Get Marc (ISO 2709) : E-mail record : QR code < ปิดหน้าต่าง
LEADER : 00000nas 2200000uu 4500
001    13399114996
003     ULIB
008    020711s|||| th a 000 0 tha d
022    ^a16865081
110    ^aวิทยาลัยเครือข่ายภาคกลาง2
245    ^aวารสารการพยาบาลและการสาธารณสุข /^cวิทยาลัยเครือข่ายภาคกลาง2
260    ^aเพชรบุรี :^bวิทยาลัยเครือข่ายภาคกลาง2,^cม.ป.ป.
310    ^aราย 6 เดือน
850 ^a ULIB^bฉบับที่ 1 ปีที่ 7 ;ฉบับที่ 2 ปีที่ 7 ;ฉบับที่ 1 ปีที่ 8 ;ฉบับที่ 2 ปีที่ 8 ;ฉบับที่ 1 ปีที่ 9 ;ฉบับที่ 2 ปีที่ 9 ;ฉบับที่ 2 ปีที่ 10 ฉ.1
945    ^p0^l0^i900492
945    ^p0^l0^i900493
945    ^p0^l0^i900494
945    ^p0^l0^i901048
945    ^p0^l0^i901195
945    ^p0^l0^i902125
945    ^p0^l0^i902990
รายการนี้ยังไม่มีแท็ก
คุณยังไม่ได้ล็อกอิน คุณสามารถมีกิจกรรมร่วมกับเว็บไซต์ได้ แต่ต้องล็อกอินก่อน ::
  ล็อกอิน

รายการสื่อสารสนเทศ (วารสาร)

ดูแบบ: กล่อง รายการ
ARRIVED
ฉบับที่ 1 ปีที่ 7
สถานที่: ห้องสมุดวิทยาเขตสวรรค์ประชารักษ์ >หนังสือทั่วไป
ARRIVED
ฉบับที่ 2 ปีที่ 7
สถานที่: ห้องสมุดวิทยาเขตสวรรค์ประชารักษ์ >วารสาร
ARRIVED
ฉบับที่ 2 ปีที่ 8
สถานที่: ห้องสมุดวิทยาเขตสวรรค์ประชารักษ์ >วารสาร
ARRIVED
ฉบับที่ 1 ปีที่ 8
สถานที่: ห้องสมุดวิทยาเขตสวรรค์ประชารักษ์ >หนังสือทั่วไป
ARRIVED
ฉบับที่ 1 ปีที่ 9
สถานที่: ห้องสมุดวิทยาเขตสวรรค์ประชารักษ์ >วารสาร
ARRIVED
ฉบับที่ 2 ปีที่ 9
สถานที่: ห้องสมุดวิทยาเขตสวรรค์ประชารักษ์ >วารสาร
ARRIVED
ฉบับที่ 2 ปีที่ 10 ฉ.1
สถานที่: ห้องสมุดวิทยาเขตสวรรค์ประชารักษ์ >หนังสือพิมพ์
รายการใกล้เคียง
    ผู้แต่ง []

BibComment


ยังไม่เคยถูกคอมเมนท์

คอมเมนท์ทรัพยากรรายการนี้
  คอมเมนท์: วารสารการพยาบาลแ..


 Copyright 2026. Bcnsprnw @Library